[Event "CRO-chT4A Center"]
[Site "Zagreb"]
[Date "2010.11.14"]
[Round "11.64"]
[White "Zagorac, Mario"]
[Black "Sutic, Darko"]
[Result "1-0"]
[WhiteElo "1846"]
[BlackElo "2028"]
[PlyCount "98"]
[EventDate "2010.03.21"]
[EventType "team-tourn"]
[EventRounds "11"]
[EventCountry "CRO"]
[SourceTitle "EXT 2012"]
[Source "ChessBase"]
[SourceDate "2011.11.24"]
[SourceVersion "1"]
[SourceVersionDate "2011.11.24"]
[SourceQuality "1"]

1. d4 Nf6 2. Nf3 g6 3. e3 Bg7 4. c4 c6 5. Nc3 0-0 6. Be2 d5 7. 0-0 Bg4 8. b3 Nbd7 9. Bb2 Nb6 10. c5 Nbd7 11. b4 Qc7 12. h3 Bf5 13. Qb3 Rfe8 14. Rfd1 Nf8 15. Ne5 N6d7 16. f4 f6 17. Nxd7 Qxd7 18. e4 Be6 19. exd5 Bxd5 20. Nxd5 cxd5 21. b5 e6 22. c6 bxc6 23. bxc6 Qc7 24. Rac1 Reb8 25. Qc2 Rb6 26. Rd3 Rc8 27. Rc3 Qxf4 28. Rc5 f5 29. Rd1 h6 30. a4 Nh7 31. a5 Rb4 32. Qc3 Rbb8 33. c7 Ra8 34. Ba6 Nf6 35. Bxc8 Rxc8 36. Qc1 Qg3 37. Qc3 Qh4 38. Qb4 Ne4 39. Rc2 Qf6 40. Qb7 Qf8 41. Qxa7 Qb4 42. Qb6 Qe7 43. a6 Nd6 44. a7 Nc4 45. Qb8 Qxc7 46. Qxc7 Rxc7 47. a8Q+ Kh7 48. Ra1 Nb6 49. Rxc7 Nxa8 1-0

[Event "CRO-chT4A Center"]
[Site "Zagreb"]
[Date "2010.10.17"]
[Round "8.25"]
[White "Sutic, Darko"]
[Black "Hadzikasimovic, Zikret"]
[Result "0-1"]
[WhiteElo "2028"]
[BlackElo "2062"]
[PlyCount "110"]
[EventDate "2010.03.21"]
[EventType "team-tourn"]
[EventRounds "11"]
[EventCountry "CRO"]
[SourceTitle "EXT 2012"]
[Source "ChessBase"]
[SourceDate "2011.11.24"]
[SourceVersion "1"]
[SourceVersionDate "2011.11.24"]
[SourceQuality "1"]

1. b4 d5 2. Bb2 Qd6 3. a3 e5 4. e3 Be6 5. Nf3 f6 6. d3 Nh6 7. Be2 Be7 8. Nbd2 0-0 9. 0-0 c6 10. c4 Nd7 11. Rc1 Rad8 12. Qc2 Qb8 13. Qb1 Rfe8 14. Rc2 Nf8 15. Qa1 Ng6 16. Rfc1 Bd6 17. Nf1 a6 18. N3d2 Rd7 19. Nf3 Rf7 20. N3d2 Nf4 21. Bh5 Ng6 22. cxd5 cxd5 23. Ng3 Rc8 24. Nb3 b6 25. Nd2 Rfc7 26. Rxc7 Rxc7 27. Bxg6 hxg6 28. Nf3 Ng4 29. e4 d4 30. h3 Nh6 31. Nd2 Qc8 32. Ne2 g5 33. g4 Kf7 34. Ng3 g6 35. f3 Ng8 36. Kf2 Ne7 37. Rh1 Rc2 38. Ke2 Kg7 39. Qb1 b5 40. h4 Bxg4 41. Kd1 Rxd2+ 42. Kxd2 Bxf3 43. Rh2 Qg4 44. Ne2 gxh4 45. Qe1 g5 46. Kc2 Bxe4 47. dxe4 Qxe4+ 48. Kd1 Nf5 49. Bc1 d3 50. Qd2 Qf3 51. Ke1 dxe2 52. Qxe2 Nd4 53. Qxf3 Nxf3+ 54. Kf2 Nxh2 55. Kg2 Ng4 0-1

[Event "CRO-chT4A Center"]
[Site "Zagreb"]
[Date "2010.04.11"]
[Round "3.34"]
[White "Sutic, Darko"]
[Black "Paic, Ivica"]
[Result "0-1"]
[WhiteElo "2028"]
[BlackElo "2056"]
[PlyCount "76"]
[EventDate "2010.03.21"]
[EventType "team-tourn"]
[EventRounds "11"]
[EventCountry "CRO"]
[SourceTitle "EXT 2012"]
[Source "ChessBase"]
[SourceDate "2011.11.24"]
[SourceVersion "1"]
[SourceVersionDate "2011.11.24"]
[SourceQuality "1"]

1. b4 e5 2. Bb2 f6 3. a3 a5 4. b5 b6 5. e3 Ne7 6. Qh5+ g6 7. Qf3 d5 8. Qxf6 Rg8 9. Qh4 Bg7 10. c4 Be6 11. cxd5 Qxd5 12. Qa4 Nd7 13. Nc3 Qb7 14. e4 Nc5 15. Qc2 0-0-0 16. Nf3 Rgf8 17. a4 Nb3 18. Ra3 Rxf3 19. gxf3 Rxd2 20. Qb1 Rd8 21. Bc1 Nd4 22. Be2 Rf8 23. Bg5 Ng8 24. Nd1 Rf7 25. Rc3 Bf8 26. Bd2 Kb8 27. Rd3 Bc5 28. Rg1 Qc8 29. Rg5 Bd6 30. Rc3 Qd8 31. h4 Qf6 32. Qd3 Ne7 33. Be3 Bb4 34. f4 Nxe2 35. Qd8+ Nc8 36. Qxf6 Rxf6 37. Kxe2 Bxc3 38. fxe5 Bc4# 0-1

[Event "CRO-chT4A Center"]
[Site "Zagreb"]
[Date "2010.03.28"]
[Round "2.55"]
[White "Sutic, Darko"]
[Black "Golub, Vladimir"]
[Result "0-1"]
[WhiteElo "2028"]
[BlackElo "2047"]
[PlyCount "137"]
[EventDate "2010.03.21"]
[EventType "team-tourn"]
[EventRounds "11"]
[EventCountry "CRO"]
[SourceTitle "EXT 2012"]
[Source "ChessBase"]
[SourceDate "2011.11.24"]
[SourceVersion "1"]
[SourceVersionDate "2011.11.24"]
[SourceQuality "1"]

1. b4 e5 2. Bb2 d6 3. e3 Nf6 4. c4 Bf5 5. Nf3 Nbd7 6. Nc3 c6 7. Qb3 h6 8. Be2 Be7 9. d3 0-0 10. 0-0 Qc7 11. Rac1 Rfe8 12. Rfd1 Nf8 13. d4 e4 14. Nd2 Ng6 15. Nf1 Qd7 16. Ng3 Nh4 17. d5 Bf8 18. Nxf5 Qxf5 19. Bf1 Ng4 20. Qc2 Qe5 21. g3 Nf3+ 22. Kg2 Nfxh2 23. Be2 Qf5 24. Bxg4 Nxg4 25. Qe2 Ne5 26. a3 Qf3+ 27. Qxf3 exf3+ 28. Kh3 Nxc4 29. Rc2 g6 30. Nb1 cxd5 31. Rxd5 Rac8 32. Ba1 Nxe3 33. Rxc8 Rxc8 34. Rd3 Nf5 35. g4 Ng7 36. Nd2 Ne6 37. Kg3 Bg7 38. Bxg7 Kxg7 39. Nxf3 Rd8 40. Nd2 g5 41. Nb3 Nf4 42. Rd1 Rc8 43. f3 Rc3 44. Nd4 d5 45. Nf5+ Kf6 46. Rd2 Rxa3 47. Rb2 h5 48. Nd4 h4+ 49. Kh2 Rd3 50. Nb5 a6 51. Nd6 Rxf3 52. Nxb7 Rh3+ 53. Kg1 Rg3+ 54. Kh1 Ra3 55. Nc5 d4 56. Ne4+ Kg6 57. Nd2 d3 58. Kg1 f5 59. gxf5+ Kxf5 60. Kf2 g4 61. Nc4 g3+ 62. Ke3 Rc3 63. Nd6+ Kg4 64. Rb1 Rc2 65. Ne4 Re2+ 66. Kd4 g2 67. Ra1 d2 68. Rd1 Re1 69. Nf2+ 0-1

[Event "Zagreb op-B"]
[Site "Zagreb"]
[Date "2009.03.22"]
[Round "2"]
[White "Frouth, Nenad"]
[Black "Sutic, Darko"]
[Result "1-0"]
[WhiteElo "2200"]
[BlackElo "2055"]
[PlyCount "75"]
[EventDate "2009.03.21"]
[EventType "swiss"]
[EventRounds "9"]
[EventCountry "CRO"]
[SourceTitle "CBM 129 Extra"]
[Source "ChessBase"]
[SourceDate "2009.05.05"]
[SourceVersion "2"]
[SourceVersionDate "2009.05.20"]
[SourceQuality "1"]

1. e4 c6 2. d4 d5 3. exd5 cxd5 4. c4 Nf6 5. Nc3 Nc6 6. Be3 e6 7. Nf3 Bb4 8. Rc1 Qa5 9. Qb3 0-0 10. Bd3 Ne4 11. 0-0 Nxc3 12. bxc3 Be7 13. Bf4 Qd8 14. Rfe1 h6 15. Rc2 Na5 16. Qb1 Nxc4 17. Bxc4 dxc4 18. Ne5 Qd5 19. Rce2 Bd6 20. Re3 f5 21. Rg3 Rf6 22. Qd1 Bxe5 23. Rxe5 Qd7 24. Rc5 Qe8 25. Be5 f4 26. Rg4 Rf7 27. Qc2 b6 28. Qg6 Qa4 29. Rxc8+ Rxc8 30. h3 Qd1+ 31. Kh2 Qd3 32. Qxe6 Qf5 33. Rxg7+ Kf8 34. Rxf7+ Qxf7 35. Qxc8+ Ke7 36. Qc7+ Ke8 37. Qxf7+ Kxf7 38. Bxf4 1-0